Kurzové rozdiely z účtovného a daňového hľadiska

Použitie kurzu cudzej meny upravujú účtovné predpisy aj daňové predpisy. Tento článok je zameraný na kurzové rozdiely (KR) z účtovného hľadiska v podvojnom účtovníctve pre podnikateľov a z daňového hľadiska pri dani z príjmov právnickej osoby a DPH.

Salvato in:
Dettagli Bibliografici
Autore principale: Pastierik, Vladimír
Natura: Capitolo di libro
Lingua:slovacco
Soggetti:
Tags: Aggiungi Tag
Nessun Tag, puoi essere il primo ad aggiungerne!!

MARC

LEADER 00000naa a2200000 4500
001 0313909
005 20260112083517.3
041 0 |a slo 
044 |a SK 
245 1 0 |a Kurzové rozdiely z účtovného a daňového hľadiska  |c Vladimír Pastierik 
520 |a Použitie kurzu cudzej meny upravujú účtovné predpisy aj daňové predpisy. Tento článok je zameraný na kurzové rozdiely (KR) z účtovného hľadiska v podvojnom účtovníctve pre podnikateľov a z daňového hľadiska pri dani z príjmov právnickej osoby a DPH. 
610 2 0 |a dane z hodnoty pridanej 
610 2 0 |a zákony 
610 2 0 |a kurz menový 
610 2 0 |a účtovníctvo 
610 2 0 |a rozdiely kurzové 
100 1 |a Pastierik, Vladimír